| 000 | 00634nam a2200217Ii 4500 | ||
|---|---|---|---|
| 003 | JO-AjNU | ||
| 008 | 230606s9999||||xx |||||||||||||| ||und|| | ||
| 020 | _a978-81-8488-125-7 | ||
| 040 |
_aJO-AjNU _beng _erda _cJO-AjNU |
||
| 041 | _aeng | ||
| 050 | 1 | 4 | _aHF5686 2009 |
| 100 | 3 |
_aArora,M.N, _eauthor _91413 |
|
| 245 | 0 | 0 | _aCost and Management Accounting : Theory, Problems and Solutions |
| 250 | _a1 ed | ||
| 264 | 3 | 1 | _aMumbai: Himalaya Publishing House,2009 |
| 300 | _aCh | ||
| 336 |
_atext _btxt _2rdacontent |
||
| 337 |
_aunmediated _bn _2rdamedia |
||
| 338 |
_avolume _bnc _2rdacarrier |
||
| 650 | 4 |
_aManagement Accounting _91414 |
|
| 999 |
_aE746 _c746 _d746 |
||